000 00417nam a2200181Ia 4500
001 788
005 20260306140543.0
008 260306t2018||||xx |||||||||||||| ||spa||
041 _aESP
082 _a168
_bW48A
100 _aWeston, Anthony
_eAUT
245 0 _aLas claves de la argumentación
260 _c2018
300 _a126 pƔginas :
_c23 cm.
650 _aGEN
654 _aCHU
942 _cLIB
_dJUS
_fJUS
_2ddc
_n
999 _c788
_d788